[Event "Salzano op-B"]
[Site "Salzano"]
[Date "2017.12.01"]
[Round "1"]
[White "Sartor, Giovanni"]
[Black "Fiscato, Claudio"]
[Result "0-1"]
[WhiteElo "1842"]
[BlackElo "1643"]
[PlyCount "96"]
[EventDate "2017.12.01"]
[EventType "swiss"]
[EventRounds "5"]
[EventCountry "ITA"]
[SourceTitle "EXT 2022"]
[Source "ChessBase"]
[SourceDate "2021.10.06"]
[SourceVersion "1"]
[SourceVersionDate "2021.10.06"]
[SourceQuality "1"]

1. e4 c5 2. Nf3 e6 3. d4 cxd4 4. Nxd4 Nc6 5. Be3 a6 6. Nc3 Qc7 7. Bd3 b5 8. 0-0 Nf6 9. Nxc6 dxc6 10. f4 Be7 11. Qf3 0-0 12. e5 Nd5 13. Qh3 g6 14. Ne4 Nxe3 15. Qxe3 Qa7 16. Rae1 Qxe3+ 17. Rxe3 c5 18. Be2 Bb7 19. Ng5 Bxg5 20. fxg5 Rad8 21. Rc3 Rd2 22. Rf2 c4 23. Kf1 Rfd8 24. Rf4 Bxg2+ 25. Ke1 Bb7 26. b3 cxb3 27. axb3 R2d4 28. Rf1 R8d7 29. Bf3 Bxf3 30. Rfxf3 Rd1+ 31. Kf2 R1d5 32. Rfe3 Ra7 33. Re4 a5 34. Rc8+ Kg7 35. Re2 b4 36. Rc4 a4 37. bxa4 Rxa4 38. c3 Rb5 39. Ree4 Ra2+ 40. Kg3 bxc3 41. Rxc3 Rbb2 42. Ree3 Rb7 43. h3 h5 44. gxh6+ Kxh6 45. Re4 Rb1 46. h4 Rf1 47. Rf4 Rxf4 48. Kxf4 Kh5 0-1

[Event "Chioggia op-B 12th"]
[Site "Chioggia"]
[Date "2017.10.07"]
[Round "3"]
[White "Ballarin, Gabriele"]
[Black "Sartor, Giovanni"]
[Result "0-1"]
[WhiteElo "1868"]
[BlackElo "1783"]
[PlyCount "60"]
[EventDate "2017.10.06"]
[EventType "swiss"]
[EventRounds "5"]
[EventCountry "ITA"]
[SourceTitle "EXT 2022"]
[Source "ChessBase"]
[SourceDate "2021.10.06"]
[SourceVersion "1"]
[SourceVersionDate "2021.10.06"]
[SourceQuality "1"]

1. e4 c5 2. Nc3 d6 3. f4 e6 4. Nf3 Ne7 5. g3 g6 6. Bg2 Bg7 7. 0-0 0-0 8. d3 a6 9. Qe1 Qc7 10. g4 Nbc6 11. f5 exf5 12. gxf5 gxf5 13. Qh4 Ng6 14. Qh5 f4 15. Nd5 Qd8 16. Ng5 h6 17. Nxf7 Rxf7 18. Qxg6 Ne5 19. Qxf7+ Nxf7 20. Bxf4 Be5 21. Rf3 Ng5 22. Rg3 Bxf4 23. Nxf4 Kh7 24. Rf1 Qf6 25. c3 Be6 26. Nd5 Qe5 27. Nf6+ Kh8 28. Ng4 Qg7 29. h4 Nh7 30. Rf4 h5 0-1

[Event "Treviso op-B 1st"]
[Site "Treviso"]
[Date "2017.03.19"]
[Round "5.15"]
[White "Sartor, Giovanni"]
[Black "Esposito, Bruno"]
[Result "1-0"]
[WhiteElo "1777"]
[BlackElo "1718"]
[PlyCount "45"]
[EventDate "2017.03.17"]
[EventType "swiss"]
[EventRounds "5"]
[EventCountry "ITA"]
[SourceTitle "EXT 2024"]
[Source "ChessBase"]
[SourceDate "2023.10.10"]
[SourceVersion "1"]
[SourceVersionDate "2023.10.10"]
[SourceQuality "1"]

1. e4 c5 2. Nf3 e6 3. d4 cxd4 4. Nxd4 Nc6 5. Be3 Nf6 6. Nd2 Be7 7. Bd3 0-0 8. 0-0 d5 9. Nxc6 bxc6 10. e5 Nd7 11. f4 Bc5 12. Rf3 Qb6 13. Nf1 Bxe3+ 14. Nxe3 h6 15. Kh1 c5 16. b3 Bb7 17. Rg3 f5 18. Qh5 Kh8 19. Rg6 Rfe8 20. Nxf5 Nf8 21. Rxh6+ gxh6 22. Qxh6+ Nh7 23. Qg7# 1-0

[Event "Treviso op-B 1st"]
[Site "Treviso"]
[Date "2017.03.18"]
[Round "2.11"]
[White "Ivekovic, Ivana"]
[Black "Sartor, Giovanni"]
[Result "1-0"]
[WhiteElo "1873"]
[BlackElo "1777"]
[PlyCount "85"]
[EventDate "2017.03.17"]
[EventType "swiss"]
[EventRounds "5"]
[EventCountry "ITA"]
[SourceTitle "EXT 2024"]
[Source "ChessBase"]
[SourceDate "2023.10.10"]
[SourceVersion "1"]
[SourceVersionDate "2023.10.10"]
[SourceQuality "1"]

1. d4 Nf6 2. c4 e6 3. Nc3 Bb4 4. Bd2 0-0 5. Nf3 b6 6. e3 d5 7. cxd5 exd5 8. Rc1 a6 9. Qb3 Qd6 10. a3 Ba5 11. Qc2 c5 12. dxc5 bxc5 13. Bd3 Bc7 14. Na4 c4 15. Bf5 Bxf5 16. Qxf5 Ne4 17. Bb4 Qc6 18. Bxf8 Qxa4 19. Qc8 Qd7 20. Qxd7 Nxd7 21. Bb4 a5 22. Bc3 Ndc5 23. Ke2 Nd3 24. Rc2 Ndxf2 25. Rf1 Nd3 26. Bd4 Re8 27. b3 Bxh2 28. Nxh2 Ng3+ 29. Kd1 cxb3 30. Rd2 Rb8 31. Rf3 b2 32. Bxb2 Nxb2+ 33. Kc1 Nc4 34. Rxd5 Ne2+ 35. Kc2 Nxa3+ 36. Kd3 Nc1+ 37. Ke4 Nb1 38. Kf5 a4 39. Rf1 Ne2 40. Rxb1 g6+ 41. Kf6 Re8 42. Re5 Ra8 43. Reb5 1-0

[Event "Treviso op-B 1st"]
[Site "Treviso"]
[Date "2017.03.17"]
[Round "1.7"]
[White "Sartor, Giovanni"]
[Black "Girgenti, Giuseppe"]
[Result "0-1"]
[WhiteElo "1777"]
[BlackElo "1911"]
[PlyCount "49"]
[EventDate "2017.03.17"]
[EventType "swiss"]
[EventRounds "5"]
[EventCountry "ITA"]
[SourceTitle "EXT 2024"]
[Source "ChessBase"]
[SourceDate "2023.10.10"]
[SourceVersion "1"]
[SourceVersionDate "2023.10.10"]
[SourceQuality "1"]

1. e4 e5 2. Nf3 Nc6 3. Bb5 a6 4. Ba4 Nf6 5. 0-0 Be7 6. Re1 b5 7. Bb3 0-0 8. c3 d6 9. h3 Na5 10. Bc2 d5 11. exd5 e4 12. Ng5 Nxd5 13. Nxe4 f5 14. Ng3 f4 15. Nf1 f3 16. Be4 fxg2 17. Ng3 Nf4 18. Bxg2 Nxg2 19. Kxg2 Bb7+ 20. Ne4 Bh4 21. Qg4 Bxf2 22. Rf1 Qd3 23. Rxf2 Rxf2+ 24. Kxf2 Rf8+ 25. Kg2 0-1

[Event "Mestre Cipressina op-A 5th"]
[Site "Mestre"]
[Date "2016.11.27"]
[Round "4"]
[White "Zangrando, Gianpietro"]
[Black "Sartor, Giovanni"]
[Result "1/2-1/2"]
[WhiteElo "1781"]
[BlackElo "1725"]
[PlyCount "64"]
[EventDate "2016.11.25"]
[EventType "swiss"]
[EventRounds "5"]
[EventCountry "ITA"]
[SourceTitle "EXT 2022"]
[Source "ChessBase"]
[SourceDate "2021.10.06"]
[SourceVersion "1"]
[SourceVersionDate "2021.10.06"]
[SourceQuality "1"]

1. Nf3 Nf6 2. g3 d5 3. Bg2 e6 4. 0-0 Bd6 5. d4 0-0 6. Re1 Nbd7 7. Nbd2 b6 8. b3 Bb7 9. a4 c5 10. Ba3 Re8 11. e4 dxe4 12. Ng5 Bf8 13. Ngxe4 Nxe4 14. Nxe4 cxd4 15. Bxf8 Nxf8 16. Nf6+ Qxf6 17. Bxb7 Rab8 18. Be4 Red8 19. a5 e5 20. axb6 axb6 21. Ra6 Ne6 22. Ra7 Ng5 23. Bg2 Re8 24. h4 Ne6 25. Qe2 Nf8 26. Be4 Ne6 27. Bc6 Rec8 28. Be4 h6 29. Bd3 Re8 30. Qe4 Nf8 31. Bc4 Ne6 32. Bd3 Nf8 1/2-1/2

[Event "Mestre Cipressina op-A 5th"]
[Site "Mestre"]
[Date "2016.11.25"]
[Round "1"]
[White "Cappelletto, Joshuaede"]
[Black "Sartor, Giovanni"]
[Result "1-0"]
[WhiteElo "1896"]
[BlackElo "1725"]
[PlyCount "37"]
[EventDate "2016.11.25"]
[EventType "swiss"]
[EventRounds "5"]
[EventCountry "ITA"]
[SourceTitle "EXT 2022"]
[Source "ChessBase"]
[SourceDate "2021.10.06"]
[SourceVersion "1"]
[SourceVersionDate "2021.10.06"]
[SourceQuality "1"]

1. e4 c5 2. Nc3 e6 3. f4 d6 4. Nf3 g6 5. Bc4 Ne7 6. d3 Bg7 7. 0-0 0-0 8. Qe1 a6 9. a4 Nd7 10. Bd2 Nf6 11. e5 dxe5 12. fxe5 Nfd5 13. Ne4 Qc7 14. Bg5 Nc6 15. Nf6+ Bxf6 16. exf6 Na5 17. Qh4 Qd8 18. Bxd5 Qxd5 19. Qh6 1-0

[Event "Chioggia op-B 11th"]
[Site "Chioggia"]
[Date "2016.10.09"]
[Round "5"]
[White "Sartor, Giovanni"]
[Black "Rosina, Graziano"]
[Result "1/2-1/2"]
[WhiteElo "1669"]
[BlackElo "1806"]
[PlyCount "46"]
[EventDate "2016.10.07"]
[EventType "swiss"]
[EventRounds "5"]
[EventCountry "ITA"]
[SourceTitle "EXT 2022"]
[Source "ChessBase"]
[SourceDate "2021.10.06"]
[SourceVersion "1"]
[SourceVersionDate "2021.10.06"]
[SourceQuality "1"]

1. e4 e5 2. Nf3 Nf6 3. Nxe5 d6 4. Nf3 Nxe4 5. d4 d5 6. Bd3 Nc6 7. 0-0 Be7 8. Re1 Bf5 9. c4 0-0 10. cxd5 Qxd5 11. Bxe4 Bxe4 12. Nc3 Bxf3 13. Nxd5 Bxd1 14. Nxe7+ Nxe7 15. Rxe7 Rfe8 16. Rxe8+ Rxe8 17. Be3 Bg4 18. h3 Be6 19. a3 Bd5 20. g3 f6 21. Kf1 Kf7 22. h4 h5 23. Rc1 c6 1/2-1/2

[Event "Chioggia op-B 11th"]
[Site "Chioggia"]
[Date "2016.10.08"]
[Round "2"]
[White "Forer, Erich"]
[Black "Sartor, Giovanni"]
[Result "1-0"]
[WhiteElo "1790"]
[BlackElo "1669"]
[PlyCount "47"]
[EventDate "2016.10.07"]
[EventType "swiss"]
[EventRounds "5"]
[EventCountry "ITA"]
[SourceTitle "EXT 2022"]
[Source "ChessBase"]
[SourceDate "2021.10.06"]
[SourceVersion "1"]
[SourceVersionDate "2021.10.06"]
[SourceQuality "1"]

1. d4 Nf6 2. Nf3 e6 3. e3 d5 4. Bd3 b6 5. Nbd2 Bb7 6. Ne5 Bd6 7. f4 Nfd7 8. 0-0 Bxe5 9. fxe5 Ba6 10. Qf3 Qe7 11. c4 c6 12. b3 Bb7 13. Bb2 Na6 14. cxd5 exd5 15. e4 Nc7 16. exd5 cxd5 17. a4 f6 18. Ba3 Qf7 19. exf6 Nxf6 20. Rae1+ Ne6 21. Qg3 Bc8 22. Qd6 Bd7 23. Bb5 Rd8 24. Rxe6+ 1-0

[Event "Chioggia op-B 11th"]
[Site "Chioggia"]
[Date "2016.10.07"]
[Round "1"]
[White "Sartor, Giovanni"]
[Black "Zangrando, Gianpietro"]
[Result "1-0"]
[WhiteElo "1669"]
[BlackElo "1829"]
[PlyCount "61"]
[EventDate "2016.10.07"]
[EventType "swiss"]
[EventRounds "5"]
[EventCountry "ITA"]
[SourceTitle "EXT 2022"]
[Source "ChessBase"]
[SourceDate "2021.10.06"]
[SourceVersion "1"]
[SourceVersionDate "2021.10.06"]
[SourceQuality "1"]

1. e4 e6 2. d4 d5 3. e5 c5 4. c3 Bd7 5. Nf3 Qb6 6. Bd3 cxd4 7. cxd4 Nc6 8. Bc2 Nb4 9. Ba4 Bxa4 10. Qxa4+ Qc6 11. Qxc6+ bxc6 12. Kd1 Ne7 13. a3 Na6 14. b4 Rb8 15. Nbd2 Nc8 16. Nb3 Nb6 17. Na5 Rc8 18. Nd2 Be7 19. Ndb3 0-0 20. Bd2 Na4 21. Rc1 Nb8 22. Ke2 f6 23. f4 fxe5 24. fxe5 Rf7 25. Rc2 Bf8 26. Nc1 h6 27. Nd3 g5 28. Rhc1 Rfc7 29. Nf2 Nd7 30. Ng4 Ndb6 31. Rf1 1-0

[Event "Mestre Cipressina op-B 4th"]
[Site "Mestre"]
[Date "2015.11.29"]
[Round "4"]
[White "Pierrat, Davide"]
[Black "Sartor, Giovanni"]
[Result "1-0"]
[WhiteElo "1527"]
[BlackElo "1599"]
[PlyCount "77"]
[EventDate "2015.11.27"]
[EventType "swiss"]
[EventRounds "5"]
[EventCountry "ITA"]
[SourceTitle "EXT 2022"]
[Source "ChessBase"]
[SourceDate "2021.10.06"]
[SourceVersion "1"]
[SourceVersionDate "2021.10.06"]
[SourceQuality "1"]

1. e4 c5 2. Nf3 d6 3. d4 cxd4 4. Nxd4 Nf6 5. Nc3 a6 6. Bc4 e6 7. Bg5 Be7 8. Bb3 0-0 9. Qf3 Nc6 10. 0-0-0 Qc7 11. h4 b5 12. g4 Ne5 13. Qg3 b4 14. Bxf6 Bxf6 15. Nce2 Qb6 16. g5 Be7 17. f4 Nc6 18. f5 e5 19. Nf3 Qe3+ 20. Rd2 a5 21. f6 Bd8 22. fxg7 Kxg7 23. h5 Be6 24. Bd5 Bxd5 25. exd5 Ne7 26. g6 fxg6 27. hxg6 Rxf3 28. gxh7+ Kh8 29. Qg7+ Kxg7 30. h8Q+ Kg6 31. Qh7+ Kf6 32. Rh6+ Kg5 33. Qg7+ Kf5 34. Qf6+ Ke4 35. Ng3+ Rxg3 36. Rh4+ Qf4 37. Rxf4+ exf4 38. Qe6+ Kf3 39. Qe2# 1-0

[Event "Chioggia op-B 10th"]
[Site "Chioggia"]
[Date "2015.10.10"]
[Round "3"]
[White "Zenari, Marco"]
[Black "Sartor, Giovanni"]
[Result "1-0"]
[WhiteElo "1750"]
[BlackElo "1561"]
[PlyCount "69"]
[EventDate "2015.10.09"]
[EventType "swiss"]
[EventRounds "5"]
[EventCountry "ITA"]
[SourceTitle "EXT 2022"]
[Source "ChessBase"]
[SourceDate "2021.10.06"]
[SourceVersion "1"]
[SourceVersionDate "2021.10.06"]
[SourceQuality "1"]

1. e4 c5 2. Nf3 d6 3. d4 cxd4 4. Nxd4 Nf6 5. Nc3 a6 6. Bc4 e6 7. Bb3 Be7 8. Be3 Qc7 9. f3 Nc6 10. Qd2 Nxd4 11. Bxd4 b5 12. g4 0-0 13. h4 Bb7 14. h5 b4 15. Ne2 Nxe4 16. fxe4 Bxe4 17. Rg1 Bh4+ 18. Ng3 a5 19. Ba4 Bf3 20. Qf4 Qb7 21. g5 Bxg3+ 22. Rxg3 Bd5 23. 0-0-0 Qe7 24. Bf6 Qc7 25. Kb1 Rfc8 26. Rd2 Qc4 27. Qxc4 Rxc4 28. Bb3 Rf4 29. c4 bxc3 30. Bxc3 Be4+ 31. Kc1 Rf1+ 32. Rd1 Rxd1+ 33. Kxd1 e5 34. g6 Kh8 35. gxf7 1-0

[Event "Chioggia op-B 10th"]
[Site "Chioggia"]
[Date "2015.10.09"]
[Round "1"]
[White "Mancin, Michele"]
[Black "Sartor, Giovanni"]
[Result "1-0"]
[WhiteElo "1760"]
[BlackElo "1561"]
[PlyCount "35"]
[EventDate "2015.10.09"]
[EventType "swiss"]
[EventRounds "5"]
[EventCountry "ITA"]
[SourceTitle "EXT 2022"]
[Source "ChessBase"]
[SourceDate "2021.10.06"]
[SourceVersion "1"]
[SourceVersionDate "2021.10.06"]
[SourceQuality "1"]

1. Nf3 Nf6 2. c4 e6 3. d4 d5 4. e3 Be7 5. Nc3 0-0 6. Bd3 Na6 7. 0-0 c5 8. cxd5 Nxd5 9. a3 cxd4 10. exd4 Bf6 11. Ne4 Be7 12. Bb1 Bd7 13. Qd3 g6 14. Ne5 Nb8 15. Qg3 Nf6 16. Nxf6+ Bxf6 17. Qf3 Nc6 18. Nxd7 1-0